Pollution impacts on marine biotic communities

Guardado en:
Detalles Bibliográficos
Autor principal: Kennish, Michael J (Autor)
Formato: Libro
Lenguaje:inglés
Publicado: Boca Ratón CRC 1998
Colección:Marine Science Series
Materias:
Etiquetas: Agregar Etiqueta
Sin Etiquetas, Sea el primero en etiquetar este registro!

MARC

LEADER 00000nam a2200000 a 4500
001 UCN6729
003 CL-VaPUC
008 011005e19980000US |||||||||||||||||eng|d
082 0 4 |a 577.727  |b KEN  |2 21 
100 |a Kennish, Michael J  |e author  |9 468310 
245 1 0 |a Pollution impacts on marine biotic communities 
300 |a 310 p 
942 |c BK 
945 |d 20011005 00:00:00  |a cmena 
260 |a Boca Ratón  |b CRC  |c 1998 
650 0 |a Ecología marina   |9 259946 
650 7 |a CONTAMINACION MARINA  |2 CL-VaPUC  |9 462509 
650 7 |a MEDIO AMBIENTE MARINO  |2 CL-VaPUC  |9 462510 
583 |a last modification  |c 20011005 00:00:00  |k Rodrigo Vera 
490 0 |a Marine Science Series 
999 |c 297412  |d 297410 
952 |0 0  |1 0  |2 ddc  |4 0  |6 577_727000000000000_KEN_1998  |7 0  |8 CCM  |9 352127  |a BIBCUR  |b BIBCUR  |c PAC  |d 2019-11-21  |i 3759512  |l 1  |o 577.727 KEN 1998  |p 3759512  |r 2025-04-22  |s 2023-04-11  |w 2019-11-21  |y BK  |k RNT